[Event "Team men HL 2017"]
[Site "Sochi"]
[Date "2017.05.04"]
[Round "4.1"]
[White "Shimanov, Aleksandr"]
[Black "Savchenko, Boris"]
[Result "1/2-1/2"]
[WhiteElo "2642"]
[BlackElo "2634"]
[PlyCount "65"]
[EventDate "2017.??.??"]

1. d4 Nf6 2. Nf3 g6 3. c4 Bg7 4. Nc3 d5 5. cxd5 Nxd5 6. e4 Nxc3 7. bxc3 c5 8.
Rb1 O-O 9. Be2 cxd4 10. cxd4 Qa5+ 11. Bd2 Qxa2 12. O-O Bg4 13. Bg5 h6 14. Be3
Nc6 15. Rxb7 Rfd8 16. d5 e6 17. h3 Bxf3 18. Bxf3 Ne5 19. Qe2 Qxe2 20. Bxe2 exd5
21. exd5 Rxd5 22. Bxa7 Rd7 23. Rxd7 Nxd7 24. Be3 h5 25. Bb5 Nf8 26. Rd1 Ra1 27.
Rxa1 Bxa1 28. Kh1 Bh8 29. Kg1 Kg7 30. Kh1 Kg8 31. Kg1 Kg7 32. Kh1 Kg8 33. Kg1
1/2-1/2

[Event "Team men HL 2017"]
[Site "Sochi"]
[Date "2017.05.04"]
[Round "4.2"]
[White "Tukhaev, Adam"]
[Black "Kovalev, Vladislav"]
[Result "1/2-1/2"]
[WhiteElo "2557"]
[BlackElo "2629"]
[PlyCount "99"]
[EventDate "2017.??.??"]

1. e4 e5 2. Nf3 Nc6 3. d4 exd4 4. Nxd4 Nf6 5. Nc3 Bb4 6. Nxc6 bxc6 7. Bd3 d5 8.
exd5 cxd5 9. a3 Bxc3+ 10. bxc3 O-O 11. O-O Ne4 12. Qh5 Be6 13. Be3 f5 14. f3
Nxc3 15. Bd4 Na4 16. Rae1 Bd7 17. Re5 c5 18. Bf2 c4 19. Bxf5 Bxf5 20. Rxf5 Nc3
21. Re1 Rxf5 22. Qxf5 Qf6 23. Qd7 h6 24. Bxa7 Rd8 25. Qb7 Kh7 26. Qb4 Rc8 27.
Re3 Nd1 28. Re1 Nc3 29. Re3 Nd1 30. Re7 Rc6 31. h3 d4 32. Re4 d3 33. cxd3 c3
34. Bd4 Qd6 35. Re7 h5 36. Rxg7+ Kh6 37. Rc7 Qxc7 38. Qf8+ Kh7 39. Qh8+ Kg6 40.
Qg8+ Kh6 41. Qf8+ Kh7 42. f4 Qd7 43. Qh8+ Kg6 44. Qg8+ Kh6 45. Be5 c2 46. Qh8+
Kg6 47. Qg8+ Kh6 48. Qf8+ Kh7 49. Qh8+ Kg6 50. Qg8+ 1/2-1/2

[Event "Team men HL 2017"]
[Site "Sochi"]
[Date "2017.05.04"]
[Round "4.3"]
[White "Yuffa, Daniil"]
[Black "Gabrielian, Artur"]
[Result "1-0"]
[WhiteElo "2510"]
[BlackElo "2525"]
[PlyCount "115"]
[EventDate "2017.??.??"]

1. Nf3 c5 2. g3 Nc6 3. Bg2 g6 4. O-O Bg7 5. d3 d6 6. e4 Nf6 7. Re1 O-O 8. c3
Bg4 9. Nbd2 Qc8 10. a4 Ne5 11. Qc2 Nxf3+ 12. Nxf3 Nd7 13. Nd2 Nf6 14. e5 dxe5
15. Rxe5 Re8 16. a5 Nd7 17. Re1 Ne5 18. f4 Nc6 19. Ne4 b6 20. axb6 axb6 21.
Rxa8 Qxa8 22. Qb3 Qb8 23. Ng5 Nd8 24. Qb5 Ne6 25. h3 Nc7 26. Qb3 Be6 27. Nxe6
Nxe6 28. Bd5 Nd8 29. Qb5 Kf8 30. Be3 Qd6 31. Bg2 Ne6 32. Ra1 Rd8 33. Bf2 Bf6
34. Be4 h5 35. h4 Bxh4 36. gxh4 Nxf4 37. Be3 Nxd3 38. Bh6+ Kg8 39. Qxd3 Qxd3
40. Bxd3 Rxd3 41. Ra7 Rh3 42. Rxe7 Rxh4 43. Rb7 Rg4+ 44. Kh2 g5 45. Rxb6 Rh4+
46. Kg3 Rg4+ 47. Kf3 Rf4+ 48. Ke3 Rg4 49. Rf6 h4 50. Kf3 Rg3+ 51. Kf2 Kh7 52.
Bf8 Rd3 53. Bxc5 Rd2+ 54. Kf3 Rxb2 55. Bd4 Rc2 56. Kg4 Rg2+ 57. Kh5 Kg8 58. Rd6
1-0

[Event "Team men HL 2017"]
[Site "Sochi"]
[Date "2017.05.04"]
[Round "4.4"]
[White "Yandarbiev, Ruslan"]
[Black "Lugovskoy, Maxim"]
[Result "0-1"]
[WhiteElo "2288"]
[BlackElo "2464"]
[PlyCount "74"]
[EventDate "2017.??.??"]

1. e4 e6 2. d4 d5 3. Nc3 Nf6 4. e5 Nfd7 5. f4 c5 6. Nf3 Be7 7. Be3 b6 8. Be2
Ba6 9. O-O O-O 10. Nb5 Nc6 11. c3 c4 12. a4 Na5 13. Nd2 Bb7 14. f5 a6 15. Na3
Bg5 16. Nc2 Bc8 17. Bg4 exf5 18. Bxf5 g6 19. Bg4 f5 20. Bf3 Bb7 21. Bxg5 Qxg5
22. Re1 Rfd8 23. Qe2 Nf8 24. e6 Qe7 25. Nb4 Rd6 26. g4 Rxe6 27. Bxd5 Bxd5 28.
Nxd5 Qh4 29. Nf3 Qd8 30. Ne3 f4 31. Ne5 fxe3 32. Nxc4 Nxc4 33. Qxc4 Rc8 34.
Qxa6 Qh4 35. Qxc8 Qxg4+ 36. Kh1 Qf3+ 37. Kg1 Re4 0-1

[Event "Team men HL 2017"]
[Site "Sochi"]
[Date "2017.05.04"]
[Round "4.5"]
[White "Paravyan, David"]
[Black "Goryachkina, Aleksandra"]
[Result "0-1"]
[WhiteElo "2528"]
[BlackElo "2470"]
[PlyCount "80"]
[EventDate "2017.??.??"]

1. e4 e6 2. d4 d5 3. Nd2 c5 4. exd5 Qxd5 5. Ngf3 cxd4 6. Bc4 Qd7 7. O-O Nc6 8.
Nb3 a6 9. Nbxd4 Nxd4 10. Nxd4 Qc7 11. Qe2 Bd6 12. Nf5 Bxh2+ 13. Kh1 Be5 14. Re1
g6 15. Nh6 Bd6 16. Qd3 Qc5 17. Nf5 gxf5 18. Be3 Qc7 19. Rad1 Be5 20. Bd4 Bf6
21. b4 Bd7 22. Bc5 Ne7 23. Bd6 Qc6 24. a4 Rg8 25. f3 Rc8 26. Bb3 b5 27. a5 Rg6
28. Bf4 Bc3 29. Re3 Bxb4 30. Qe2 Kf8 31. Rd4 Bc5 32. Rc3 Qb7 33. Rxc5 Rxc5 34.
Bd6 Rc8 35. Qe5 Bc6 36. Qh8+ Rg8 37. Qf6 Ke8 38. Rh4 Nd5 39. Qe5 Kd7 40. Rh6
Rce8 0-1

[Event "Team men HL 2017"]
[Site "Sochi"]
[Date "2017.05.04"]
[Round "4.6"]
[White "Potapov, Pavel"]
[Black "Zhukova, Natalia"]
[Result "1/2-1/2"]
[WhiteElo "2497"]
[BlackElo "2450"]
[PlyCount "62"]
[EventDate "2017.??.??"]

1. e4 e6 2. Nf3 d5 3. Nc3 d4 4. Ne2 c5 5. c3 dxc3 6. Nxc3 Nc6 7. Bb5 Nge7 8. d4
cxd4 9. Nxd4 a6 10. Bxc6+ Nxc6 11. Nxc6 Qxd1+ 12. Kxd1 bxc6 13. e5 Bc5 14. Be3
Bxe3 15. fxe3 O-O 16. Kc2 c5 17. Rhd1 Bb7 18. g3 Bc6 19. Rd6 Rfc8 20. Rf1 Rab8
21. Rf4 h6 22. b3 Rc7 23. h4 Kh7 24. h5 Rb4 25. a3 Rb8 26. a4 a5 27. Rc4 Bf3
28. Nb5 Rcc8 29. Na7 Rc7 30. Nb5 Rcc8 31. Na7 Rc7 1/2-1/2

[Event "Team men HL 2017"]
[Site "Sochi"]
[Date "2017.05.04"]
[Round "4.7"]
[White "Kryakvin, Dmitry"]
[Black "Belyakov, Bogdan"]
[Result "1-0"]
[WhiteElo "2560"]
[BlackElo "2470"]
[PlyCount "79"]
[EventDate "2017.??.??"]

1. d4 Nf6 2. c4 g6 3. Nc3 Bg7 4. e4 d6 5. Be2 O-O 6. Bg5 c5 7. d5 h6 8. Be3 b5
9. cxb5 a6 10. a4 Qa5 11. Bd2 axb5 12. Bxb5 Ba6 13. Nge2 Nbd7 14. O-O Ne5 15.
b3 Qb6 16. Qc2 Rfb8 17. h3 Ne8 18. f4 Bxb5 19. Nxb5 Nd7 20. Bc3 c4+ 21. Bd4
cxb3 22. Qxb3 Bxd4+ 23. Nexd4 Nc7 24. Qe3 Nxb5 25. axb5 Rxa1 26. Rxa1 Qc5 27.
Rc1 Qa7 28. Rc3 Nf6 29. Kh2 Qa1 30. Rb3 Rb7 31. Nc6 h5 32. f5 Kg7 33. fxg6 fxg6
34. b6 Kh7 35. Qf4 Qe1 36. Nd8 Rb8 37. Ne6 Rb7 38. Rg3 Rxb6 39. Rxg6 Ng4+ 40.
Rxg4 1-0

[Event "Team men HL 2017"]
[Site "Sochi"]
[Date "2017.05.04"]
[Round "4.8"]
[White "Savitskiy, Sergey"]
[Black "Barskij, Vladimir"]
[Result "1-0"]
[WhiteElo "2416"]
[BlackElo "2389"]
[PlyCount "46"]
[EventDate "2017.??.??"]

1. e4 c5 2. Nf3 e6 3. d4 cxd4 4. Nxd4 Nf6 5. Nc3 d6 6. g4 h6 7. Bg2 Nc6 8. h3
a6 9. Be3 Bd7 10. Qe2 Qa5 11. Nb3 Qc7 12. f4 Be7 13. O-O-O Rc8 14. Kb1 b5 15.
Qf2 g5 16. e5 dxe5 17. fxg5 hxg5 18. Bxg5 Nxg4 19. hxg4 Rxh1 20. Rxh1 Bxg5 21.
Ne4 Be7 22. Rh8+ Bf8 23. Qc5 Qd8 1-0

[Event "Team men HL chess 2017"]
[Site "Sochi"]
[Date "2017.05.05"]
[Round "5.3"]
[White "Ponkratov, Pavel"]
[Black "Iljiushenok, Ilia"]
[Result "1/2-1/2"]
[WhiteElo "2590"]
[BlackElo "2489"]
[PlyCount "116"]
[EventDate "2017.05.01"]

1. d4 Nf6 2. c4 g6 3. Nc3 Bg7 4. g3 O-O 5. Bg2 d6 6. Nf3 Nc6 7. O-O a6 8. e3
Rb8 9. Qe2 b5 10. Rd1 e6 11. a3 bxc4 12. Nd2 Na5 13. Nxc4 Nb3 14. Rb1 Bb7 15.
Nd2 Bxg2 16. Kxg2 Qc8 17. Qc4 Qb7+ 18. f3 Nd7 19. Nxb3 Qxb3 20. Qxa6 Nb6 21.
Qe2 c5 22. Ne4 Na4 23. Bd2 cxd4 24. exd4 Bxd4 25. Bb4 Bc5 26. Nf6+ Kg7 27. Nd7
Bxb4 28. axb4 Qxb4 29. Nxf8 Kxf8 30. Rdc1 Nc5 31. b3 e5 32. Rc4 Qb6 33. Qe3 Kg7
34. b4 Ne6 35. Qxb6 Rxb6 36. Kf2 d5 37. Rc8 Kf6 38. Ke3 Nd4 39. Rb2 Ke6 40.
Re8+ Kd6 41. Rxe5 Nxf3 42. Re8 Ne5 43. Kd4 Rc6 44. Rd8+ Ke6 45. Rb1 Rc4+ 46.
Ke3 Nc6 47. Re8+ Kd7 48. Rh8 Nxb4 49. Rxh7 Ke6 50. Rf1 d4+ 51. Kf4 Nd3+ 52. Kg4
Ne5+ 53. Kh3 d3 54. Rh8 Ke7 55. Ra8 d2 56. Rd1 Rd4 57. Ra2 Nc4 58. Ra4 Ke6
1/2-1/2

[Event "Team men HL chess 2017"]
[Site "Sochi"]
[Date "2017.05.05"]
[Round "5.3"]
[White "Chernobay, Artem"]
[Black "Gutenev, Alexander"]
[Result "1/2-1/2"]
[WhiteElo "2496"]
[BlackElo "2448"]
[PlyCount "96"]
[EventDate "2017.05.01"]

1. e4 c5 2. Nf3 Nc6 3. d4 cxd4 4. Nxd4 Nf6 5. Nc3 d6 6. Bg5 e6 7. Qd2 Be7 8.
O-O-O O-O 9. Nb3 Qb6 10. f3 Rd8 11. Nb5 Rd7 12. Be3 Qd8 13. Qf2 b6 14. g4 Bb7
15. g5 Ne8 16. h4 d5 17. Be2 Nc7 18. Nc3 Rc8 19. a3 Ba6 20. Bxa6 Nxa6 21. exd5
exd5 22. Kb1 Ne5 23. Bd4 Nc4 24. f4 Nc5 25. f5 Ne4 26. Qf3 a5 27. Bxg7 Kxg7 28.
f6+ Kg8 29. fxe7 Qxe7 30. Nxe4 dxe4 31. Qf4 e3 32. Nd4 Rcd8 33. c3 Nd2+ 34. Ka2
Rxd4 35. cxd4 Qe6+ 36. Ka1 Rxd4 37. Qf6 Qd5 38. Rde1 Nb3+ 39. Kb1 Nd2+ 40. Ka1
a4 41. Qe7 Nb3+ 42. Kb1 Nd2+ 43. Ka1 Re4 44. Qc7 e2 45. h5 Nb3+ 46. Kb1 Nd2+
47. Ka1 Re8 48. g6 Nb3+ 1/2-1/2

[Event "Team men HL chess 2017"]
[Site "Sochi"]
[Date "2017.05.05"]
[Round "5.3"]
[White "Mokin, Nikolai"]
[Black "Sarana, Alexey"]
[Result "0-1"]
[WhiteElo "2277"]
[BlackElo "2472"]
[PlyCount "58"]
[EventDate "2017.05.01"]

1. Nf3 Nf6 2. c4 g6 3. Nc3 d5 4. cxd5 Nxd5 5. Qb3 Nb6 6. d4 Bg7 7. e4 Bg4 8.
Bb5+ c6 9. Ng5 e6 10. h3 h6 11. Nxf7 Kxf7 12. Bf1 Bh5 13. g4 Qh4 14. gxh5 Bxd4
15. hxg6+ Kg7 16. Qxe6 Rf8 17. Be2 N8d7 18. Kd1 Ne5 19. f4 Bxc3 20. bxc3 Rae8
21. Qb3 Rd8+ 22. Kc2 Qf2 23. Kb1 Qxe2 24. Qc2 Qf3 25. Rh2 Nd3 26. Qe2 Qxe2 27.
Rxe2 Nxc1 28. Kxc1 Rxf4 29. Kc2 Re8 0-1

[Event "Team men HL chess 2017"]
[Site "Sochi"]
[Date "2017.05.05"]
[Round "5.3"]
[White "Bykov, Oleg"]
[Black "Kazantsev, Nikita"]
[Result "1-0"]
[WhiteElo "2314"]
[BlackElo "2244"]
[PlyCount "69"]
[EventDate "2017.05.01"]

1. d4 Nf6 2. c4 g6 3. Nc3 Bg7 4. e4 d6 5. Be2 O-O 6. Nf3 Nbd7 7. O-O c5 8. d5
a6 9. Bf4 Ng4 10. Qd2 Rb8 11. h3 Nge5 12. Nxe5 Nxe5 13. Bh6 Bxh6 14. Qxh6 f5
15. f4 Nf7 16. Qh4 e5 17. Qxd8 Rxd8 18. exf5 gxf5 19. Rab1 Bd7 20. b4 b6 21.
bxc5 bxc5 22. g3 Re8 23. Kf2 Kg7 24. Bd3 Nh8 25. fxe5 dxe5 26. Ke3 e4 27. Be2
Kh6 28. g4 Nf7 29. gxf5 Nd6 30. Kf4 Nxf5 31. Bg4 Kg6 32. Nxe4 h5 33. Rxb8 Rxb8
34. Bxf5+ Bxf5 35. Rg1+ 1-0

[Event "Team men HL chess 2017"]
[Site "Sochi"]
[Date "2017.05.05"]
[Round "5.4"]
[White "Tekeyev, Zaur"]
[Black "Paravyan, David"]
[Result "1/2-1/2"]
[WhiteElo "2383"]
[BlackElo "2528"]
[PlyCount "64"]
[EventDate "2017.05.01"]

1. e4 c6 2. Nc3 d5 3. Qe2 d4 4. Nd1 e5 5. g3 Bd6 6. d3 Ne7 7. f4 exf4 8. gxf4
O-O 9. Nf2 Ng6 10. f5 Ne5 11. Nf3 Re8 12. Nxe5 Bxe5 13. Bd2 Bc7 14. Qf3 Ba5 15.
O-O-O Bxd2+ 16. Rxd2 Nd7 17. Ng4 Qa5 18. Qg3 Qxa2 19. Nh6+ Kf8 20. Qd6+ Re7 21.
Kd1 f6 22. Rg2 Ke8 23. Rhg1 Qa1+ 24. Ke2 Qxb2 25. Rxg7 Qxc2+ 26. Ke1 Qc1+ 27.
Ke2 Qb2+ 28. Ke1 Qc1+ 29. Ke2 Qc2+ 30. Ke1 Qc1+ 31. Ke2 Qc2+ 32. Ke1 Qc1+
1/2-1/2

[Event "Team men HL chess 2017"]
[Site "Sochi"]
[Date "2017.05.05"]
[Round "5.4"]
[White "Kryakvin, Dmitry"]
[Black "Nechaev, Oleg"]
[Result "1-0"]
[WhiteElo "2560"]
[BlackElo "2386"]
[PlyCount "80"]
[EventDate "2017.05.01"]

1. d4 Nf6 2. Nf3 g6 3. c4 c5 4. Nc3 cxd4 5. Nxd4 Nc6 6. e4 Nxd4 7. Qxd4 d6 8.
Be2 Bg7 9. Be3 O-O 10. Qd2 Be6 11. Rc1 Qa5 12. f3 Rfc8 13. b3 a6 14. Na4 Qxd2+
15. Kxd2 Nd7 16. g4 Rc6 17. Nc3 Kf8 18. Nd5 a5 19. Nc3 Nc5 20. Nb5 Rcc8 21. Nd4
Bd7 22. Rc2 Ne6 23. Nxe6+ Bxe6 24. a4 Bd7 25. h4 Bc6 26. Bd3 e6 27. Rhc1 Rd8
28. f4 Rd7 29. g5 f5 30. exf5 exf5 31. Re1 d5 32. Bc5+ Kf7 33. Kc1 Bf8 34. Bxf8
Kxf8 35. c5 Rc8 36. h5 d4 37. Re6 Bd5 38. Rd6 Rxd6 39. cxd6 Rxc2+ 40. Kxc2 Be4
1-0

[Event "Team men HL chess 2017"]
[Site "Sochi"]
[Date "2017.05.05"]
[Round "5.4"]
[White "Nuristani, Iman"]
[Black "Notkin, Maksim"]
[Result "1/2-1/2"]
[WhiteElo "2026"]
[BlackElo "2465"]
[PlyCount "118"]
[EventDate "2017.05.01"]

1. d4 Nf6 2. c4 e6 3. Nc3 d5 4. cxd5 exd5 5. Bg5 Nbd7 6. e3 Be7 7. Qc2 c6 8.
Bd3 Nh5 9. Bxe7 Qxe7 10. Nge2 Nhf6 11. O-O O-O 12. Rad1 Re8 13. Ng3 Nf8 14.
Rfe1 Be6 15. f3 c5 16. Qf2 cxd4 17. exd4 Qd6 18. Rc1 Rac8 19. Nge2 Bd7 20. a3
a6 21. Qg3 Qb6 22. Rc2 Re3 23. Rd2 Rce8 24. Qf2 Ng6 25. Bxg6 hxg6 26. Rc1 g5
27. h3 Qe6 28. Ng3 Qd6 29. Re2 Rxe2 30. Ncxe2 g6 31. Rc3 Qb6 32. Nc1 Bb5 33.
Nd3 Bxd3 34. Rxd3 Qe6 35. Rd1 Qe3 36. Qxe3 Rxe3 37. Kf2 Rb3 38. Rd2 Ne8 39. Ne2
Nd6 40. Nc1 Rb6 41. b3 Nb5 42. a4 Nc7 43. g3 Ne6 44. Ke3 Rb4 45. Rd3 Ng7 46.
Ne2 Rb6 47. f4 Nf5+ 48. Kf3 gxf4 49. g4 Nh4+ 50. Kxf4 Re6 51. Nc3 Ng2+ 52. Kg3
Ne1 53. Rd1 Re3+ 54. Kf2 Rxc3 55. Rxe1 Rxb3 56. Re5 Rb4 57. Rxd5 Rxa4 58. h4
Ra3 59. h5 gxh5 1/2-1/2

[Event "Team men HL chess 2017"]
[Site "Sochi"]
[Date "2017.05.05"]
[Round "5.4"]
[White "Barskij, Vladimir"]
[Black "Kozak, Alexander"]
[Result "1-0"]
[WhiteElo "2389"]
[BlackElo "2334"]
[PlyCount "145"]
[EventDate "2017.05.01"]

1. e4 c6 2. Nc3 d5 3. Nf3 g6 4. d4 Bg7 5. h3 Nh6 6. Be2 O-O 7. O-O f6 8. Re1
Nf7 9. Bf1 e6 10. a4 a5 11. b3 Na6 12. Ba3 Re8 13. Na2 e5 14. dxe5 fxe5 15. c3
Nc7 16. Qc2 Qf6 17. Nd2 Bf8 18. Bxf8 Rxf8 19. Nc1 Ng5 20. f3 Qf4 21. Nd3 Qg3
22. Kh1 Re8 23. Qd1 dxe4 24. Nxe4 Nxe4 25. Rxe4 Bf5 26. Qe1 Qxe1 27. Rexe1 Nd5
28. Nxe5 Nxc3 29. Bc4+ Kg7 30. Rac1 Na2 31. Rcd1 Rad8 32. Rxd8 Rxd8 33. Ng4 Rd7
34. Re8 Bxg4 35. hxg4 Nc3 36. g5 h6 37. gxh6+ Kxh6 38. Ra8 b5 39. axb5 cxb5 40.
Be6 Re7 41. Ra6 Kg7 42. g4 a4 43. bxa4 Nxa4 44. Bd5 Re1+ 45. Kg2 Nc3 46. Be6
Re2+ 47. Kg3 Re5 48. Kf4 Rc5 49. Ke3 b4 50. f4 Nb5 51. Ke4 Nc7 52. Ra7 Kf8 53.
Bb3 Nb5 54. Rf7+ Ke8 55. Rh7 Nd6+ 56. Kd4 Rc3 57. Ba4+ Kf8 58. Ke5 Ra3 59. Kxd6
Rxa4 60. Rb7 g5 61. fxg5 Kg8 62. Ke6 b3 63. Kf5 Ra5+ 64. Kg6 Ra6+ 65. Kh5 Ra3
66. Kh6 Ra6+ 67. g6 Ra8 68. Rxb3 Rc8 69. Rb6 Rf8 70. g5 Ra8 71. g7 Re8 72. Rf6
Rd8 73. Rf8+ 1-0

[Event "Team men HL chess 2017"]
[Site "Sochi"]
[Date "2017.05.05"]
[Round "5.5"]
[White "Bublei, Pavel"]
[Black "Pakhomov, Alexey"]
[Result "0-1"]
[WhiteElo "2399"]
[BlackElo "2343"]
[PlyCount "78"]
[EventDate "2017.05.01"]

1. d4 Nf6 2. c4 e6 3. Nc3 Bb4 4. Bf4 O-O 5. e3 b6 6. Nf3 Bb7 7. Bd3 Ne4 8. O-O
Bxc3 9. bxc3 f5 10. Nd2 Nxd2 11. Qxd2 d6 12. f3 g5 13. Bg3 Nd7 14. Rab1 Qe7 15.
c5 Rac8 16. cxd6 cxd6 17. e4 f4 18. Bf2 Kh8 19. a4 h5 20. a5 g4 21. axb6 axb6
22. Kh1 Qg5 23. Qe1 g3 24. Bg1 gxh2 25. Bxh2 Rg8 26. Rf2 e5 27. Bf1 h4 28. Ra2
Ra8 29. Qd2 h3 30. Rxa8 Bxa8 31. gxh3 d5 32. Bd3 Qh5 33. Rf1 Qxh3 34. Rf2 dxe4
35. Bxe4 Bxe4 36. fxe4 Nf6 37. Qe2 Nh5 38. Qc2 Ng3+ 39. Kg1 Ne2+ 0-1

[Event "Team men HL chess 2017"]
[Site "Sochi"]
[Date "2017.05.05"]
[Round "5.5"]
[White "Meshkov, Yuri A"]
[Black "Antonenko, Vladimir"]
[Result "1/2-1/2"]
[WhiteElo "2345"]
[BlackElo "2311"]
[PlyCount "117"]
[EventDate "2017.05.01"]

1. Nf3 Nf6 2. c4 e6 3. b3 b6 4. g3 Bb7 5. Bg2 Be7 6. O-O O-O 7. Bb2 d5 8. e3 c5
9. Qe2 Nc6 10. Rd1 Qc7 11. Nc3 Rad8 12. cxd5 Nxd5 13. Nxd5 Rxd5 14. d4 cxd4 15.
Nxd4 Nxd4 16. Bxd4 Rd7 17. Rac1 Qb8 18. Qg4 g6 19. Bc6 Rd6 20. Bxb7 Qxb7 21.
Bb2 Rfd8 22. Rxd6 Rxd6 23. Qf4 Qd7 24. Kg2 Qd8 25. h4 f6 26. Qe4 Kf7 27. h5 Rd2
28. hxg6+ hxg6 29. Qh4 Qd5+ 30. e4 Qh5 31. Qxh5 gxh5 32. Bc3 Rxa2 33. Bd4 e5
34. Be3 Ke6 35. Rc7 Kd6 36. Rb7 Bd8 37. Rh7 Be7 38. Rxh5 Rb2 39. g4 Rxb3 40. g5
fxg5 41. Rh6+ Kd7 42. Rh7 Ke6 43. Rh6+ Kf7 44. Rh7+ Kf6 45. Rh6+ Kg7 46. Re6
Bf6 47. Rc6 g4 48. Rc7+ Kg6 49. Rxa7 Bg5 50. Bxg5 Kxg5 51. Rf7 Rf3 52. Rb7 Rf6
53. Kg3 Rf3+ 54. Kg2 Rb3 55. Rf7 b5 56. Rf5+ Kh4 57. Rxe5 Rb1 58. Rf5 b4 59. e5
1/2-1/2

[Event "Team men HL chess 2017"]
[Site "Sochi"]
[Date "2017.05.05"]
[Round "5.5"]
[White "Gubsky, Egor"]
[Black "Babarykin, Stanislav"]
[Result "0-1"]
[WhiteElo "2284"]
[BlackElo "2354"]
[PlyCount "158"]
[EventDate "2017.05.01"]

1. d4 f5 2. g3 Nf6 3. Bg2 g6 4. c4 Bg7 5. Nc3 O-O 6. Nh3 e6 7. Qb3 c6 8. c5 d5
9. cxd6 Qxd6 10. e3 Kh8 11. Nf4 e5 12. dxe5 Qxe5 13. h4 Na6 14. h5 Nxh5 15.
Nxh5 gxh5 16. Bd2 f4 17. gxf4 Rxf4 18. Ne2 Rf8 19. Bc3 Qg5 20. Rg1 Nc5 21.
Bxg7+ Qxg7 22. Qa3 b6 23. O-O-O Bg4 24. f3 Bf5 25. Nd4 Bd7 26. f4 Qf6 27. Bf1
Bg4 28. Be2 Bxe2 29. Nxe2 Rfe8 30. Ng3 Ne4 31. Nxe4 Rxe4 32. Rd6 Rc4+ 33. Kb1
Qf5+ 34. Ka1 Qc5 35. Qxc5 Rxc5 36. Kb1 h4 37. e4 Rh5 38. Rxc6 h3 39. Rc2 Rg8
40. Rh1 Rh4 41. Rch2 Rg3 42. e5 Rxf4 43. Rxh3 Rxh3 44. Rxh3 Kg7 45. Ra3 Rf7 46.
Rg3+ Kf8 47. Kc2 Ke7 48. Kd3 Ke6 49. Ke4 Rf5 50. Rg7 Rxe5+ 51. Kf4 Rf5+ 52. Ke4
Rf7 53. Rg2 Kf6 54. Kf4 h5 55. Rd2 Kg6+ 56. Kg3 Kg5 57. Rd4 Rf6 58. b4 b5 59.
Rd5+ Rf5 60. Rd6 h4+ 61. Kg2 Rf6 62. Rd5+ Rf5 63. Rd6 Kg4 64. Rd7 h3+ 65. Kg1
h2+ 66. Kxh2 Rf2+ 67. Kg1 Rxa2 68. Kf1 Kf4 69. Rc7 Ke3 70. Rd7 Ra1+ 71. Kg2 Ra4
72. Re7+ Kd4 73. Rc7 a6 74. Rc6 Kd5 75. Rc5+ Kd6 76. Rh5 Rxb4 77. Rh6+ Kc5 78.
Rxa6 Rf4 79. Kg3 Rf8 0-1

[Event "Team men HL chess 2017"]
[Site "Sochi"]
[Date "2017.05.05"]
[Round "5.5"]
[White "Suslov, Evgeniy"]
[Black "Kuzmin, Artem"]
[Result "1-0"]
[WhiteElo "2252"]
[BlackElo "2040"]
[PlyCount "83"]
[EventDate "2017.05.01"]

1. b3 Nf6 2. Bb2 g6 3. Nf3 Bg7 4. g3 O-O 5. Bg2 d5 6. c4 c5 7. cxd5 Nxd5 8.
Bxg7 Kxg7 9. O-O Nc6 10. d4 cxd4 11. Nxd4 Ndb4 12. Nxc6 Nxc6 13. Bxc6 bxc6 14.
Qxd8 Rxd8 15. Nc3 Ba6 16. Rfd1 Kf8 17. f4 Ke8 18. Kf2 Rxd1 19. Rxd1 Rd8 20.
Rxd8+ Kxd8 21. Ke3 Kc7 22. Kd4 Kb6 23. b4 Bc8 24. a4 a5 25. bxa5+ Kxa5 26. Kc5
Bd7 27. e4 f6 28. e5 fxe5 29. fxe5 h6 30. Ne2 Bg4 31. Nd4 Kxa4 32. Nxc6 e6 33.
Nd4 g5 34. Kd6 Kb4 35. Nxe6 Kc4 36. Ng7 Kd4 37. e6 Bxe6 38. Kxe6 Ke4 39. Kf6
Kf3 40. Kg6 Kg2 41. Kxh6 Kxh2 42. g4 1-0

[Event "Team men HL chess 2017"]
[Site "Sochi"]
[Date "2017.05.05"]
[Round "5.6"]
[White "Triapishko, Alexandr"]
[Black "Taysayev, Timur"]
[Result "1-0"]
[WhiteElo "2490"]
[BlackElo "2245"]
[PlyCount "75"]
[EventDate "2017.05.01"]

1. d4 Nf6 2. Nc3 d5 3. Bg5 c5 4. Bxf6 gxf6 5. e4 e5 6. Nxd5 cxd4 7. Bc4 Bg7 8.
Qf3 Be6 9. Ne2 Qa5+ 10. b4 Qd8 11. Ng3 Nd7 12. O-O Kf8 13. Nf5 Nb6 14. Bb3 Nxd5
15. Bxd5 Qd7 16. Rfd1 Rc8 17. c4 Bxf5 18. exf5 Rc7 19. Rd3 h5 20. h4 Rh7 21. c5
Kg8 22. Bxb7 Bf8 23. Be4 Qa4 24. a3 Kh8 25. Qd1 Qb5 26. Rb1 Qc4 27. Qb3 Qxb3
28. Rdxb3 Rg7 29. f3 Rg8 30. c6 Bh6 31. R1b2 Rb8 32. b5 Bc1 33. Rc2 Be3+ 34.
Kf1 Rb6 35. a4 a5 36. Rxe3 dxe3 37. Ke2 Kg7 38. Kd3 1-0

[Event "Team men HL chess 2017"]
[Site "Sochi"]
[Date "2017.05.05"]
[Round "5.6"]
[White "Nazaretyan, Tigran"]
[Black "Iljin, Timofey"]
[Result "0-1"]
[WhiteElo "2356"]
[BlackElo "2317"]
[PlyCount "82"]
[EventDate "2017.05.01"]

1. d4 d5 2. c4 e6 3. Nc3 Bb4 4. Nf3 Nf6 5. e3 O-O 6. Bd3 b6 7. O-O Ba6 8. cxd5
Bxd3 9. Qxd3 exd5 10. Ne5 Re8 11. Bd2 c5 12. Nb1 c4 13. Qf5 Bd6 14. Nc3 Na6 15.
b3 g6 16. Qg5 h6 17. Qxh6 Bxe5 18. dxe5 Rxe5 19. Rfd1 cxb3 20. axb3 Nc5 21. b4
Nd3 22. Qh4 Rh5 23. Qd4 Ne5 24. b5 Rc8 25. Ra4 Nc4 26. Bc1 Qd6 27. h3 Qe6 28.
Ne2 g5 29. Bb2 Nxb2 30. Qxb2 Ne4 31. Rxa7 Rh6 32. Rda1 Rf6 33. Nd4 Qe5 34. Ra8
Rxa8 35. Rxa8+ Kg7 36. f3 Nd6 37. Qc3 Nc4 38. Kf2 Nd6 39. Qa3 Qh2 40. Ne2 Ne4+
41. Kf1 Rxf3+ 0-1

[Event "Team men HL chess 2017"]
[Site "Sochi"]
[Date "2017.05.05"]
[Round "5.6"]
[White "Kurbedinov, Ramis"]
[Black "Tenikashvili, Georgij"]
[Result "1-0"]
[WhiteElo "2318"]
[BlackElo "2305"]
[PlyCount "65"]
[EventDate "2017.05.01"]

1. d4 d5 2. c4 dxc4 3. Nf3 Nf6 4. e3 e6 5. Bxc4 c5 6. O-O a6 7. a4 Nc6 8. Qe2
cxd4 9. Rd1 Be7 10. exd4 O-O 11. Ne5 Nb4 12. Ra3 Bd7 13. Bg5 Nfd5 14. Bxe7 Qxe7
15. a5 Rac8 16. Rg3 Be8 17. Nc3 Nxc3 18. bxc3 Nd5 19. Re1 Bb5 20. Qg4 f5 21.
Qe2 Rxc4 22. Nxc4 Rc8 23. Qe5 Rd8 24. Ne3 Nxe3 25. Rexe3 Bc4 26. Qxf5 g6 27.
Qg5 Qc7 28. h4 Rd5 29. Re5 Qxa5 30. h5 Qa1+ 31. Kh2 Qb1 32. hxg6 hxg6 33. Qf6
1-0

[Event "Team men HL chess 2017"]
[Site "Sochi"]
[Date "2017.05.05"]
[Round "5.6"]
[White "Abrekov, Mussa"]
[Black "Derjabin, Ilja"]
[Result "0-1"]
[WhiteElo "2219"]
[BlackElo "2341"]
[PlyCount "77"]
[EventDate "2017.05.01"]

1. d4 Nf6 2. c4 c5 3. d5 b5 4. cxb5 a6 5. bxa6 Bxa6 6. Nc3 d6 7. e4 Bxf1 8.
Kxf1 g6 9. Nf3 Qc8 10. h3 Qa6+ 11. Kg1 Bg7 12. Kh2 Nbd7 13. Re1 O-O 14. Kg1
Rfb8 15. Qc2 Nb6 16. Rb1 Na4 17. Nd1 Nb6 18. a3 Qc4 19. Nc3 Nfd7 20. Re3 Qa6
21. Nd2 Bd4 22. Rg3 Ne5 23. b3 h5 24. Nf3 Nbd7 25. Nxe5 Nxe5 26. h4 Ng4 27. Rf3
Rb7 28. a4 c4 29. b4 Ne5 30. Rg3 Nd3 31. Be3 Bxe3 32. Rxe3 Nxb4 33. Qd2 Nd3 34.
Rxb7 Qxb7 35. Rg3 Qb6 36. Nd1 Rxa4 37. Ne3 Qb1+ 38. Kh2 Ra2 39. Qd1 0-1

[Event "Team men HL chess 2017"]
[Site "Sochi"]
[Date "2017.05.05"]
[Round "5.7"]
[White "Pavlov, Maxim"]
[Black "Ponomarenko, Alexandr"]
[Result "0-1"]
[WhiteElo "2486"]
[BlackElo "2240"]
[PlyCount "112"]
[EventDate "2017.05.01"]

1. e4 e5 2. Nf3 Nc6 3. Nc3 Nf6 4. Bb5 Bb4 5. O-O O-O 6. d3 Bxc3 7. bxc3 d6 8.
Bg5 Bg4 9. h3 Bh5 10. g4 Bg6 11. Nh2 h6 12. Bh4 Bh7 13. f3 g5 14. Bg3 Ne7 15.
Rf2 Ng6 16. Nf1 Nf4 17. Rh2 Kg7 18. h4 c6 19. Bc4 d5 20. Bb3 Qd6 21. Qe1 dxe4
22. dxe4 Bg6 23. Rd1 Qc7 24. Ne3 Rad8 25. Rhd2 Rxd2 26. Qxd2 Re8 27. Ng2 Re7
28. Nxf4 gxf4 29. Bf2 Rd7 30. Qe2 h5 31. g5 Rxd1+ 32. Qxd1 Nd7 33. Bc4 Kf8 34.
Bf1 Ke7 35. Bh3 b6 36. Qd3 Nf8 37. Qa6 Ne6 38. Qa3+ c5 39. Bf1 f6 40. gxf6+
Kxf6 41. Bc4 Bf7 42. Bd5 Nf8 43. c4 Ne6 44. c3 Nf8 45. Qa6 Be6 46. Kf1 Bc8 47.
Qa3 Bh3+ 48. Ke2 Qd7 49. Qa6 Bg2 50. Qb7 Bxf3+ 51. Kd2 Qxb7 52. Bxb7 Ke7 53.
Kd3 Nd7 54. a3 Nf6 55. Be1 Ne8 56. Bf2 Nd6 0-1